Ďalšie vzdelávanie učiteľov základných škôl a stredných škôl v predmete informatika : programovanie. 4 /

Saved in:
Bibliographic Details
Main Author: Blaho, Andrej 1957- (Author)
Other Authors: Salanci, Ľubomír
Format: Book
Language:Slovak
Published: Bratislava : Štátny pedagogický ústav v Bratislave, 2009
Edition:1. vyd.
Subjects:
ISBN:9788089225576
Online Access: Get full text
Tags: Add Tag
No Tags, Be the first to tag this record!

MARC

LEADER 00000nam a2200000 4500
003 SK-BrCVT
005 20220621172332.0
008 090924s2009 xo e ||||||slo d
020 |a 9788089225576 
035 |a CVTIDW1509434 
040 |b slo  |a CVTI SR  |e AACR2 
041 0 |a slo 
044 |a xo 
080 |a 004.42  |2 UDC-MRF 
080 |a 371.14  |2 UDC-MRF 
100 1 |a Blaho, Andrej  |d 1957-,  |4 aut 
245 1 0 |a Ďalšie vzdelávanie učiteľov základných škôl a stredných škôl v predmete informatika :  |b programovanie.  |n 4 /  |c Andrej Blaho, Ľubomír Salanci 
250 |a 1. vyd. 
260 |a Bratislava :  |b Štátny pedagogický ústav v Bratislave,  |c 2009 
300 |a 36 s. :  |b grafy, lit., obr., tab. ; 
500 |a Línia: Vlastný odborový kontext informatiky a informatickej výchovy 
653 1 |a číselná sústava  |a graf funkcií  |a informatická výchova  |a vzdelávanie 
700 1 |a Salanci, Ľubomír 
910 |b A608881 
919 |a 978-80-89225-57-6 
974 |f Knihy 
992 |a AUC 
999 |c 194792  |d 194792